Indian Economy Developmental Problems and Policies (Record no. 11021)

MARC details
000 -LEADER
fixed length control field 00420nam a22001697a 4500
003 - CONTROL NUMBER IDENTIFIER
control field OSt
008 - FIXED-LENGTH DATA ELEMENTS--GENERAL INFORMATION
fixed length control field 211027b ||||| |||| 00| 0 eng d
020 ## - INTERNATIONAL STANDARD BOOK NUMBER
International Standard Book Number 9789387788985
082 ## - DEWEY DECIMAL CLASSIFICATION NUMBER
Classification number 330.954 AGI
100 ## - MAIN ENTRY--PERSONAL NAME
Personal name AGRAWAL,AN
245 ## - TITLE STATEMENT
Title Indian Economy Developmental Problems and Policies
250 ## - EDITION STATEMENT
Edition statement 43rd Ed
260 ## - PUBLICATION, DISTRIBUTION, ETC. (IMPRINT)
Place of publication, distribution, etc New Delhi
Name of publisher, distributor, etc New Age International
Date of publication, distribution, etc 2019
300 ## - PHYSICAL DESCRIPTION
Extent 783
650 ## - SUBJECT ADDED ENTRY--TOPICAL TERM
Topical term or geographic name as entry element BBA
942 ## - ADDED ENTRY ELEMENTS (KOHA)
Source of classification or shelving scheme Dewey Decimal Classification
Koha item type Text Books
Holdings
Withdrawn status Lost status Source of classification or shelving scheme Damaged status Not for loan Collection code Home library Current library Date acquired Source of acquisition Currency Cost, normal purchase price Bill Number Total Checkouts Full call number Acc. no. / Barcode Date last seen Date last borrowed Actual Cost, discounted price Bill Date Koha item type
    Dewey Decimal Classification     BBA PIET C-LIBRARY PIET C-LIBRARY 26/10/2021 Kirti Praskshan IN Rupees 450.00 IN2722 1 330.954 AGI 33317 10/02/2026 04/02/2026 301.50 26/10/2021 Text Books
    Dewey Decimal Classification     BBA PIET C-LIBRARY PIET C-LIBRARY 26/10/2021 Kirti Praskshan IN Rupees 450.00 IN2722 1 330.954 AGI 33318 13/09/2022 14/04/2022 301.50 26/10/2021 Text Books
    Dewey Decimal Classification     BBA PIET C-LIBRARY PIET C-LIBRARY 26/10/2021 Kirti Praskshan IN Rupees 450.00 IN2722   330.954 AGI 33319 27/10/2021   301.50 26/10/2021 Text Books
    Dewey Decimal Classification     BBA PIET C-LIBRARY PIET C-LIBRARY 26/10/2021 Kirti Praskshan IN Rupees 450.00 IN2722   330.954 AGI 33320 27/10/2021   301.50 26/10/2021 Text Books
    Dewey Decimal Classification     BBA PIET C-LIBRARY PIET C-LIBRARY 26/10/2021 Kirti Praskshan IN Rupees 450.00 IN2722   330.954 AGI 33321 27/10/2021   301.50 26/10/2021 Text Books

Design & Developed by: PIET Central Library
R70 Miles Stone Pattikalyana Samalkha Panipat 132102
mail ID :- [email protected], Phone No:- 0180-2569700 Ex.216